Espainiako autonomia erkidegoak banderaren arabera - Statistics

General Stats
  • This quiz has been taken 4 times
  • The average score is 10 of 19
Answer Stats
Picture Answer % Correct
Andaluzia
100%
Euskadi
100%
Aragoi
75%
Katalunia
75%
Madril
75%
Asturias
50%
Ceuta
50%
Errioxa
50%
Extremadura
50%
Galizia
50%
Gaztela eta Leon
50%
Gaztela-Mantxa
50%
Kantabria
50%
Nafarroa
50%
Balearrak
25%
Kanariak
25%
Melilla
25%
Murtzia
25%
Valentzia
0%
No matching quizzes found
Score Distribution
Percent of People with Each Score
Percentile by Number Answered
Your Score History
You have not taken this quiz